[Event "7th Iberoamerican-ch 2019"]
[Site "Linares"]
[Date "2019.08.10"]
[Round "1.9"]
[White "Albornoz Cabrera, Carlos Daniel"]
[Black "Lacayo, Rene"]
[Result "1-0"]
[WhiteElo "2566"]
[BlackElo "2240"]
[Annotator "ChessBase"]
[PlyCount "99"]
[EventDate "2019.08.10"]
[EventType "swiss"]
[EventCountry "ESP"]
[SourceTitle "playchess.com"]
[Source "ChessBase"]
[SourceQuality "1"]
[TimeControl "5400+30"]

1. e4 {[%emt 0:00:00]} e5 {[%emt 0:04:12]} 2. Nf3 {[%emt 0:00:00]} Nc6 {[%emt 0:00:05]} 3. Bb5 {[%emt 0:00:00]} a6 {[%emt 0:00:07]} 4. Ba4 {[%emt 0:00:03]} Nf6 {[%emt 0:00:08]} 5. O-O {[%emt 0:00:06]} Be7 {[%emt 0:00:07]} 6. Re1 {[%emt 0:00:05]} b5 {[%emt 0:00:16]} 7. Bb3 {[%emt 0:00:05]} d6 {[%emt 0:00:18]} 8. c3 {[%emt 0:00:08]} O-O {[%emt 0:00:08]} 9. h3 {[%emt 0:00:04]} Bb7 {[%emt 0:00:48]} 10. d4 {[%emt 0:00:14]} Re8 {[%emt 0:00:40]} 11. Nbd2 {[%emt 0:00:11]} Bf8 {[%emt 0:00:23]} 12. a3 {[%emt 0:00:22]} h6 {[%emt 0:03:35]} 13. Bc2 {[%emt 0:00:15]} g6 {[%emt 0:04:57]} 14. b3 {[%emt 0:00:07]} Bg7 {[%emt 0:02:53]} 15. Bb2 {[%emt 0:00:18]} Nh5 {[%emt 0:03:42]} 16. Bd3 {[%emt 0:00:43]} Nf4 {[%emt 0:14:49]} 17. Bf1 {[%emt 0:00:28]} Nb8 {[%emt 0:04:41]} 18. g3 {[%emt 0:07:45]} Nh5 {[%emt 0:00:19]} 19. dxe5 {[%emt 0:02:33]} dxe5 {[%emt 0:01:11]} 20. c4 {[%emt 0:00:23]} bxc4 {[%emt 0:19:29]} 21. Nxc4 {[%emt 0:01:03]} Nc6 {[%emt 0:00:12]} 22. b4 {[%emt 0:09:25]} Qf6 {[%emt 0:13:37]} 23. Ne3 {[%emt 0:03:21]} Nd4 {[%emt 0:04:57]} 24. Nxd4 {[%emt 0:02:49]} exd4 {[%emt 0:00:07]} 25. Ng4 {[%emt 0:03:14]} Qb6 {[%emt 0:04:56]} 26. Qd2 {[%emt 0:10:40]} Kh7 {[%emt 0:05:37]} 27. Bg2 {[%emt 0:03:16]} a5 {[%emt 0:00:50]} 28. Rac1 {[%emt 0:05:50]} Re7 {[%emt 0:00:59]} 29. e5 {[%emt 0:07:00]} Bxg2 {[%emt 0:00:23]} 30. Kxg2 {[%emt 0:00:03]} axb4 {[%emt 0:01:53]} 31. axb4 {[%emt 0:00:11]} Rd7 {[%emt 0:01:44]} 32. Rc4 {[%emt 0:02:18]} Ra4 {[%emt 0:03:08]} 33. Kh2 {[%emt 0:04:18]} Qb5 {[%emt 0:01:08]} 34. Rec1 {[%emt 0:03:12]} c5 {[%emt 0:00:45]} 35. R1c2 {[%emt 0:03:27]} Rxb4 {[%emt 0:00:27]} 36. Rxc5 {[%emt 0:00:13]} Qb7 {[%emt 0:00:23]} 37. R5c4 {[%emt 0:05:39]} Rxc4 {[%emt 0:00:53]} 38. Rxc4 {[%emt 0:00:06]} f5 {[%emt 0:01:45]} 39. Rxd4 {[%emt 0:02:53]} Rxd4 {[%emt 0:00:23]} 40. Qxd4 {[%emt 0:00:32]} fxg4 {[%emt 0:02:19]} 41. hxg4 {[%emt 0:00:01]} Qf3 {[%emt 0:00:37]} 42. gxh5 {[%emt 0:00:20]} Qxh5+ {[%emt 0:00:01]} 43. Kg2 {[%emt 0:00:15]} Qf5 {[%emt 0:00:03]} 44. Qd5 {[%emt 0:01:22]} h5 {[%emt 0:00:07]} 45. Qf3 {[%emt 0:04:57]} Qc2 {[%emt 0:01:26]} 46. e6 {[%emt 0:04:28]} Qc7 {[%emt 0:00:43]} 47. Ba3 {[%emt 0:01:39]} Qc8 {[%emt 0:00:46]} 48. e7 {[%emt 0:01:22]} Qe8 {[%emt 0:00:31]} 49. Qf8 {[%emt 0:00:45]} Qc6+ {[%emt 0:00:27]} 50. Kg1 {[%emt 0:00:17]} 1-0

[Event "7th Iberoamerican-ch 2019"]
[Site "Linares"]
[Date "2019.08.10"]
[Round "1.10"]
[White "Almagro Mazariegos, Sebastian"]
[Black "Henriquez Villagra, Cristobal"]
[Result "0-1"]
[WhiteElo "2268"]
[BlackElo "2560"]
[Annotator "ChessBase"]
[PlyCount "96"]
[EventDate "2019.08.10"]
[EventType "swiss"]
[EventCountry "ESP"]
[SourceTitle "playchess.com"]
[Source "ChessBase"]
[SourceQuality "1"]
[TimeControl "5400+30"]

1. e4 {[%emt 0:00:00]} c5 {[%emt 0:00:00]} 2. Nf3 {[%emt 0:00:12]} d6 {[%emt 0:00:00]} 3. d4 {[%emt 0:00:08]} cxd4 {[%emt 0:00:00]} 4. Nxd4 {[%emt 0:00:06]} Nf6 {[%emt 0:00:03]} 5. Nc3 {[%emt 0:00:14]} Nc6 {[%emt 0:00:05]} 6. f3 {[%emt 0:02:58]} e5 {[%emt 0:00:30]} 7. Nb3 {[%emt 0:00:40]} Be7 {[%emt 0:00:16]} 8. Be3 {[%emt 0:00:31]} Be6 {[%emt 0:01:02]} 9. Qd2 {[%emt 0:01:26]} d5 {[%emt 0:11:45]} 10. exd5 {[%emt 0:02:12]} Nxd5 {[%emt 0:00:09]} 11. Nxd5 {[%emt 0:00:07]} Qxd5 {[%emt 0:00:34]} 12. Qxd5 {[%emt 0:02:27]} Bxd5 {[%emt 0:00:02]} 13. O-O-O {[%emt 0:02:11]} O-O-O {[%emt 0:02:58]} 14. Bd3 {[%emt 0:06:42]} Kc7 {[%emt 0:10:50]} 15. Be4 {[%emt 0:05:27]} Bxe4 {[%emt 0:03:54]} 16. fxe4 {[%emt 0:00:19]} b6 {[%emt 0:03:09]} 17. Rxd8 {[%emt 0:04:50]} Rxd8 {[%emt 0:05:09]} 18. Rf1 {[%emt 0:04:24]} Rf8 {[%emt 0:01:57]} 19. Nd2 {[%emt 0:15:40]} Kd7 {[%emt 0:03:55]} 20. c3 {[%emt 0:05:46]} h5 {[%emt 0:08:10]} 21. h3 {[%emt 0:07:24]} Ke6 {[%emt 0:03:49]} 22. Kd1 {[%emt 0:06:31]} g6 {[%emt 0:06:14]} 23. g4 {[%emt 0:00:28]} hxg4 {[%emt 0:01:18]} 24. hxg4 {[%emt 0:00:03]} Rh8 {[%emt 0:00:08]} 25. Nf3 {[%emt 0:04:04]} f6 {[%emt 0:00:36]} 26. Ke2 {[%emt 0:00:44]} Na5 {[%emt 0:01:19]} 27. Nd2 {[%emt 0:14:30]} Nb7 {[%emt 0:00:49]} 28. b4 {[%emt 0:00:53]} Nd6 {[%emt 0:06:35]} 29. a4 {[%emt 0:00:18]} f5 {[%emt 0:03:20]} 30. gxf5+ {[%emt 0:00:06]} gxf5 {[%emt 0:00:01]} 31. exf5+ {[%emt 0:00:09]} Nxf5 {[%emt 0:00:02]} 32. Bf2 {[%emt 0:00:19]} Rh3 {[%emt 0:04:51]} 33. Rc1 {[%emt 0:02:00]} Bg5 {[%emt 0:00:47]} 34. Rc2 {[%emt 0:00:36]} Bxd2 {[%emt 0:00:32]} 35. Kxd2 {[%emt 0:00:36]} e4 {[%emt 0:04:02]} 36. Kc1 {[%emt 0:01:45]} Rh1+ {[%emt 0:01:30]} 37. Kb2 {[%emt 0:01:14]} e3 {[%emt 0:00:14]} 38. Bxe3 {[%emt 0:01:13]} Nxe3 {[%emt 0:00:06]} 39. Re2 {[%emt 0:00:11]} Rh3 {[%emt 0:00:04]} 40. Kb3 {[%emt 0:00:26]} Kd6 {[%emt 0:00:34]} 41. Rf2 {[%emt 0:00:33]} Nd5 {[%emt 0:04:59]} 42. Rc2 {[%emt 0:00:31]} a5 {[%emt 0:05:47]} 43. bxa5 {[%emt 0:00:26]} bxa5 {[%emt 0:00:02]} 44. Rc1 {[%emt 0:00:20]} Kc5 {[%emt 0:00:07]} 45. Rc2 {[%emt 0:00:27]} Rh7 {[%emt 0:03:53]} 46. Re2 {[%emt 0:01:01]} Rb7+ {[%emt 0:01:31]} 47. Kc2 {[%emt 0:00:02]} Re7 {[%emt 0:00:05]} 48. Rh2 {[%emt 0:00:30]} Re3 {[%emt 0:00:04]} 0-1

[Event "7th Iberoamerican-ch 2019"]
[Site "Linares"]
[Date "2019.08.10"]
[Round "1.11"]
[White "Cruz, Cristhian"]
[Black "Balbuena Fuentes, Mario"]
[Result "1-0"]
[WhiteElo "2562"]
[BlackElo "2266"]
[Annotator "ChessBase"]
[PlyCount "57"]
[EventDate "2019.08.10"]
[EventType "swiss"]
[EventCountry "ESP"]
[SourceTitle "playchess.com"]
[Source "ChessBase"]
[SourceQuality "1"]
[TimeControl "5400+30"]

1. g3 {[%emt 0:00:00]} e5 {[%emt 0:00:00]} 2. c4 {[%emt 0:00:00]} Nc6 {[%emt 0:00:07]} 3. Bg2 {[%emt 0:00:00]} f5 {[%emt 0:00:19]} 4. Nc3 {[%emt 0:00:19]} Nf6 {[%emt 0:00:16]} 5. d3 {[%emt 0:00:29]} Bb4 {[%emt 0:00:25]} 6. Bd2 {[%emt 0:00:08]} O-O {[%emt 0:00:31]} 7. Rc1 {[%emt 0:01:15]} d6 {[%emt 0:02:10]} 8. Nf3 {[%emt 0:08:23]} Bxc3 {[%emt 0:04:33]} 9. Bxc3 {[%emt 0:00:09]} Qe8 {[%emt 0:00:38]} 10. b4 {[%emt 0:01:39]} Qh5 {[%emt 0:03:37]} 11. d4 {[%emt 0:05:05]} e4 {[%emt 0:18:00]} 12. d5 {[%emt 0:00:18]} Nxb4 {[%emt 0:02:17]} 13. Bxb4 {[%emt 0:00:58]} exf3 {[%emt 0:00:23]} 14. Bxf3 {[%emt 0:00:03]} Qh3 {[%emt 0:00:08]} 15. c5 {[%emt 0:03:17]} Ng4 {[%emt 0:11:43]} 16. cxd6 {[%emt 0:02:53]} Ne5 {[%emt 0:16:15]} 17. Qb3 {[%emt 0:08:32]} a5 {[%emt 0:17:14]} 18. Ba3 {[%emt 0:03:22]} a4 {[%emt 0:01:34]} 19. Qc3 {[%emt 0:08:21]} Re8 {[%emt 0:01:00]} 20. dxc7 {[%emt 0:13:10]} Nxf3+ {[%emt 0:08:05]} 21. Qxf3 {[%emt 0:00:03]} f4 {[%emt 0:00:10]} 22. e3 {[%emt 0:08:50]} fxe3 {[%emt 0:07:24]} 23. fxe3 {[%emt 0:00:29]} Bd7 {[%emt 0:01:42]} 24. Rf1 {[%emt 0:01:04]} h6 {[%emt 0:01:20]} 25. Kd2 {[%emt 0:02:59]} Rac8 {[%emt 0:01:01]} 26. Rf2 {[%emt 0:01:58]} Kh7 {[%emt 0:00:27]} 27. Rc4 {[%emt 0:03:27]} Bb5 {[%emt 0:00:53]} 28. Rg4 {[%emt 0:04:07]} Re5 {[%emt 0:00:58]} 29. Rxg7+ {[%emt 0:01:54]} 1-0

[Event "7th Iberoamerican-ch 2019"]
[Site "Linares"]
[Date "2019.08.10"]
[Round "1.12"]
[White "Aizpurua, Patrick"]
[Black "Fier, Alexandr"]
[Result "1-0"]
[WhiteElo "2243"]
[BlackElo "2547"]
[Annotator "ChessBase"]
[PlyCount "105"]
[EventDate "2019.08.10"]
[EventType "swiss"]
[EventCountry "ESP"]
[SourceTitle "playchess.com"]
[Source "ChessBase"]
[SourceQuality "1"]
[TimeControl "5400+30"]

1. c4 {[%emt 0:00:00]} b6 {[%emt 0:00:05]} 2. Nc3 {[%emt 0:00:52]} Bb7 {[%emt 0:00:07]} 3. e4 {[%emt 0:00:58]} e6 {[%emt 0:01:43]} 4. Nf3 {[%emt 0:02:45]} c5 {[%emt 0:00:51]} 5. Bd3 {[%emt 0:02:09]} a6 {[%emt 0:03:21]} 6. O-O {[%emt 0:01:11]} Qc7 {[%emt 0:00:04]} 7. Re1 {[%emt 0:01:48]} Nc6 {[%emt 0:03:40]} 8. Bf1 {[%emt 0:06:53]} Nf6 {[%emt 0:04:31]} 9. a3 {[%emt 0:15:49]} Bd6 {[%emt 0:02:52]} 10. b4 {[%emt 0:06:38]} Nd4 {[%emt 0:05:34]} 11. bxc5 {[%emt 0:05:39]} bxc5 {[%emt 0:00:07]} 12. g3 {[%emt 0:04:25]} h5 {[%emt 0:00:57]} 13. Bg2 {[%emt 0:00:51]} Nxf3+ {[%emt 0:02:02]} 14. Bxf3 {[%emt 0:00:06]} Be5 {[%emt 0:03:20]} 15. Bb2 {[%emt 0:00:54]} Kf8 {[%emt 0:01:39]} 16. Na4 {[%emt 0:01:20]} h4 {[%emt 0:01:01]} 17. Bxe5 {[%emt 0:03:53]} Qxe5 {[%emt 0:00:04]} 18. Qb3 {[%emt 0:04:36]} Bc6 {[%emt 0:00:58]} 19. Rab1 {[%emt 0:04:07]} Bxa4 {[%emt 0:02:21]} 20. Qxa4 {[%emt 0:00:14]} Ke7 {[%emt 0:00:06]} 21. Qa5 {[%emt 0:00:49]} hxg3 {[%emt 0:01:36]} 22. hxg3 {[%emt 0:00:10]} Rh3 {[%emt 0:00:39]} 23. Bg2 {[%emt 0:08:25]} Rh5 {[%emt 0:00:06]} 24. Bf3 {[%emt 0:02:03]} Rh3 {[%emt 0:01:18]} 25. Bg2 {[%emt 0:01:39]} Rh6 {[%emt 0:00:04]} 26. d4 {[%emt 0:01:58]} Qxd4 {[%emt 0:05:44]} 27. Rbd1 {[%emt 0:00:15]} Qe5 {[%emt 0:02:18]} 28. Rd5 {[%emt 0:04:52]} exd5 {[%emt 0:04:46]} 29. exd5 {[%emt 0:00:07]} Qxe1+ {[%emt 0:00:03]} 30. Qxe1+ {[%emt 0:00:06]} Kf8 {[%emt 0:00:02]} 31. d6 {[%emt 0:02:48]} Re8 {[%emt 0:05:49]} 32. Qa5 {[%emt 0:00:35]} Kg8 {[%emt 0:00:13]} 33. Bf3 {[%emt 0:01:11]} Re5 {[%emt 0:01:58]} 34. Qxa6 {[%emt 0:01:11]} Re1+ {[%emt 0:03:29]} 35. Kg2 {[%emt 0:00:10]} Rhh1 {[%emt 0:00:04]} 36. Be2 {[%emt 0:04:56]} g5 {[%emt 0:01:29]} 37. Qc8+ {[%emt 0:02:34]} Kg7 {[%emt 0:00:08]} 38. Qxc5 {[%emt 0:01:21]} Rhg1+ {[%emt 0:00:04]} 39. Kf3 {[%emt 0:00:07]} Kg6 {[%emt 0:04:37]} 40. Qe5 {[%emt 0:00:47]} g4+ {[%emt 0:03:23]} 41. Kf4 {[%emt 0:00:07]} Nh5+ {[%emt 0:02:32]} 42. Kxg4 {[%emt 0:00:12]} Ng7 {[%emt 0:00:02]} 43. Bd3+ {[%emt 0:00:58]} f5+ {[%emt 0:00:06]} 44. Bxf5+ {[%emt 0:00:04]} Kf7 {[%emt 0:00:02]} 45. Qf4 {[%emt 0:02:10]} Ne6 {[%emt 0:00:19]} 46. Qh6 {[%emt 0:00:40]} Nf8 {[%emt 0:00:15]} 47. Qh5+ {[%emt 0:01:35]} Kg7 {[%emt 0:00:07]} 48. Qg5+ {[%emt 0:00:12]} Kf7 {[%emt 0:00:03]} 49. a4 {[%emt 0:00:10]} Rgf1 {[%emt 0:01:25]} 50. f3 {[%emt 0:00:26]} Rf2 {[%emt 0:00:57]} 51. Be4 {[%emt 0:01:47]} Rxe4+ {[%emt 0:00:26]} 52. fxe4 {[%emt 0:00:04]} Rf6 {[%emt 0:00:03]} 53. Qd5+ {[%emt 0:01:11]} 1-0

[Event "7th Iberoamerican-ch 2019"]
[Site "Linares"]
[Date "2019.08.10"]
[Round "1.13"]
[White "Martinez Duany, Lelys Stanley"]
[Black "Calzetta Ruiz, Monica"]
[Result "1-0"]
[WhiteElo "2535"]
[BlackElo "2257"]
[Annotator "ChessBase"]
[PlyCount "83"]
[EventDate "2019.08.10"]
[EventType "swiss"]
[EventCountry "ESP"]
[SourceTitle "playchess.com"]
[Source "ChessBase"]
[SourceQuality "1"]
[TimeControl "5400+30"]

1. Nf3 {[%emt 0:00:00]} c5 {[%emt 0:00:00]} 2. c4 {[%emt 0:00:24]} Nc6 {[%emt 0:00:18]} 3. Nc3 {[%emt 0:00:29]} Nf6 {[%emt 0:00:53]} 4. e3 {[%emt 0:02:35]} g6 {[%emt 0:07:28]} 5. d4 {[%emt 0:00:07]} cxd4 6. exd4 {[%emt 0:00:14]} d5 {[%emt 0:00:40]} 7. cxd5 {[%emt 0:00:20]} Nxd5 {[%emt 0:00:07]} 8. Qb3 {[%emt 0:00:50]} Nxc3 {[%emt 0:00:42]} 9. Bc4 {[%emt 0:00:32]} Nd5 {[%emt 0:01:58]} 10. Bxd5 {[%emt 0:00:06]} e6 {[%emt 0:00:04]} 11. Bxc6+ {[%emt 0:00:13]} bxc6 {[%emt 0:00:05]} 12. O-O {[%emt 0:00:32]} Bg7 {[%emt 0:02:17]} 13. Bg5 {[%emt 0:02:37]} Qd6 {[%emt 0:05:24]} 14. Qe3 {[%emt 0:00:31]} O-O {[%emt 0:06:41]} 15. Bh6 {[%emt 0:00:06]} Bxh6 {[%emt 0:05:49]} 16. Qxh6 {[%emt 0:00:06]} f6 {[%emt 0:00:04]} 17. Rac1 {[%emt 0:00:45]} Rb8 {[%emt 0:01:15]} 18. b3 {[%emt 0:01:51]} a5 {[%emt 0:05:09]} 19. Qe3 {[%emt 0:04:53]} a4 {[%emt 0:07:19]} 20. bxa4 {[%emt 0:01:17]} Rb4 {[%emt 0:00:45]} 21. a5 {[%emt 0:01:16]} Ba6 {[%emt 0:11:52]} 22. Rfe1 {[%emt 0:01:28]} Bc4 {[%emt 0:00:06]} 23. Qa3 {[%emt 0:02:49]} Qb8 {[%emt 0:00:38]} 24. Nd2 {[%emt 0:00:51]} Bd5 {[%emt 0:00:56]} 25. Rb1 {[%emt 0:00:09]} Rxb1 {[%emt 0:10:45]} 26. Rxb1 {[%emt 0:00:06]} Qf4 {[%emt 0:00:04]} 27. Qe3 {[%emt 0:03:17]} Qc7 {[%emt 0:10:14]} 28. Rb6 {[%emt 0:03:44]} Bxa2 {[%emt 0:03:23]} 29. Ne4 {[%emt 0:04:39]} Bd5 {[%emt 0:04:49]} 30. h4 {[%emt 0:00:33]} Qa7 {[%emt 0:00:55]} 31. Nc5 {[%emt 0:06:13]} Qxa5 {[%emt 0:00:35]} 32. Rb7 {[%emt 0:00:50]} Rf7 {[%emt 0:04:27]} 33. Rb8+ {[%emt 0:00:34]} Rf8 {[%emt 0:05:47]} 34. Qf4 {[%emt 0:00:11]} Rxb8 {[%emt 0:04:39]} 35. Qxb8+ {[%emt 0:00:07]} Kg7 {[%emt 0:00:11]} 36. Kh2 {[%emt 0:00:13]} Qa3 {[%emt 0:00:59]} 37. Qd6 {[%emt 0:03:16]} Kh6 {[%emt 0:00:40]} 38. Qf8+ {[%emt 0:00:17]} Kh5 {[%emt 0:00:03]} 39. Qxf6 {[%emt 0:00:20]} Qc1 {[%emt 0:00:31]} 40. Nd3 {[%emt 0:01:01]} Qd2 {[%emt 0:00:11]} 41. Nf4+ {[%emt 0:00:12]} Kh6 {[%emt 0:00:07]} 42. Qf8# {[%emt 0:00:13]} 1-0

[Event "7th Iberoamerican-ch 2019"]
[Site "Linares"]
[Date "2019.08.10"]
[Round "1.14"]
[White "Silva Rodriguez, Fernando"]
[Black "Krysa, Leandro"]
[Result "0-1"]
[WhiteElo "2270"]
[BlackElo "2517"]
[Annotator "ChessBase"]
[PlyCount "114"]
[EventDate "2019.08.10"]
[EventType "swiss"]
[EventCountry "ESP"]
[SourceTitle "playchess.com"]
[Source "ChessBase"]
[SourceQuality "1"]
[TimeControl "5400+30"]

1. e4 {[%emt 0:00:00]} e5 {[%emt 0:00:00]} 2. Nf3 {[%emt 0:00:00]} Nc6 {[%emt 0:00:00]} 3. Bc4 {[%emt 0:00:00]} Nf6 {[%emt 0:01:03]} 4. d3 {[%emt 0:00:00]} Bc5 {[%emt 0:00:55]} 5. c3 {[%emt 0:00:14]} d6 {[%emt 0:01:01]} 6. O-O {[%emt 0:00:13]} O-O {[%emt 0:01:22]} 7. Nbd2 {[%emt 0:00:19]} a5 {[%emt 0:00:25]} 8. h3 {[%emt 0:02:41]} Ba7 {[%emt 0:01:18]} 9. Re1 {[%emt 0:02:14]} Ne7 {[%emt 0:01:21]} 10. Nf1 {[%emt 0:02:55]} Ng6 {[%emt 0:00:45]} 11. Ng3 {[%emt 0:01:34]} c6 {[%emt 0:13:15]} 12. Bb3 {[%emt 0:05:04]} d5 {[%emt 0:01:10]} 13. Bg5 {[%emt 0:11:47]} h6 {[%emt 0:00:13]} 14. Bxf6 {[%emt 0:04:34]} Qxf6 {[%emt 0:00:05]} 15. exd5 {[%emt 0:02:45]} a4 {[%emt 0:00:53]} 16. Bxa4 {[%emt 0:01:06]} cxd5 {[%emt 0:00:08]} 17. Bb3 {[%emt 0:04:49]} Qd6 {[%emt 0:09:30]} 18. Qd2 {[%emt 0:14:02]} Be6 {[%emt 0:09:22]} 19. Kh1 {[%emt 0:07:15]} Rad8 {[%emt 0:08:22]} 20. Re2 {[%emt 0:04:33]} f6 {[%emt 0:03:12]} 21. Rd1 {[%emt 0:05:27]} Kh8 {[%emt 0:03:24]} 22. Qe1 {[%emt 0:01:52]} Nf4 {[%emt 0:07:42]} 23. Red2 {[%emt 0:00:28]} Qd7 {[%emt 0:02:16]} 24. Qf1 {[%emt 0:09:48]} g5 {[%emt 0:02:08]} 25. c4 {[%emt 0:06:29]} d4 {[%emt 0:02:02]} 26. Ne2 {[%emt 0:04:26]} Ng6 {[%emt 0:01:25]} 27. Ng3 {[%emt 0:00:38]} h5 {[%emt 0:12:06]} 28. Nxh5 {[%emt 0:04:59]} g4 {[%emt 0:03:30]} 29. Nh2 {[%emt 0:01:14]} Qh7 {[%emt 0:03:36]} 30. hxg4 {[%emt 0:02:05]} f5 {[%emt 0:00:29]} 31. gxf5 {[%emt 0:01:14]} Bxf5 {[%emt 0:03:50]} 32. Ng3 {[%emt 0:00:11]} Bb8 {[%emt 0:01:16]} 33. Kg1 {[%emt 0:00:55]} Nf4 {[%emt 0:02:06]} 34. Bc2 {[%emt 0:00:26]} Rd6 {[%emt 0:02:18]} 35. Qe1 {[%emt 0:00:39]} Rh6 {[%emt 0:00:44]} 36. Nhf1 {[%emt 0:00:27]} Rg8 {[%emt 0:01:22]} 37. f3 {[%emt 0:00:10]} Rh1+ {[%emt 0:00:37]} 38. Kf2 {[%emt 0:00:47]} Qh4 {[%emt 0:00:50]} 39. Re2 {[%emt 0:00:27]} Rxf1+ {[%emt 0:01:54]} 40. Kxf1 {[%emt 0:00:35]} Rxg3 {[%emt 0:00:09]} 41. Qf2 {[%emt 0:00:19]} Qh1+ {[%emt 0:00:55]} 42. Qg1 {[%emt 0:00:07]} Qxg1+ {[%emt 0:00:46]} 43. Kxg1 {[%emt 0:00:03]} Nxe2+ {[%emt 0:00:04]} 44. Kf2 {[%emt 0:00:04]} Rg5 {[%emt 0:00:54]} 45. Rh1+ {[%emt 0:00:15]} Kg7 {[%emt 0:00:08]} 46. Kxe2 {[%emt 0:00:05]} Rxg2+ {[%emt 0:00:02]} 47. Kd1 {[%emt 0:00:07]} Bd6 {[%emt 0:00:34]} 48. a3 {[%emt 0:00:18]} Rf2 {[%emt 0:00:54]} 49. b4 {[%emt 0:00:46]} Rxf3 {[%emt 0:00:12]} 50. Ke2 {[%emt 0:00:05]} Rg3 {[%emt 0:00:23]} 51. c5 {[%emt 0:00:36]} Be7 {[%emt 0:00:37]} 52. Kf2 {[%emt 0:00:58]} Re3 {[%emt 0:00:11]} 53. Rg1+ {[%emt 0:02:20]} Kf6 {[%emt 0:01:01]} 54. Rf1 {[%emt 0:00:46]} Kg5 {[%emt 0:00:56]} 55. Kg1 {[%emt 0:00:32]} Bf6 {[%emt 0:00:52]} 56. b5 {[%emt 0:00:44]} Bxd3 {[%emt 0:00:15]} 57. c6 {[%emt 0:00:28]} bxc6 {[%emt 0:00:26]} 0-1

[Event "7th Iberoamerican-ch 2019"]
[Site "Linares"]
[Date "2019.08.10"]
[Round "1.15"]
[White "Cuenca Jimenez, Jose Fernando"]
[Black "Diaz Mino, Pablo"]
[Result "1-0"]
[WhiteElo "2534"]
[BlackElo "2109"]
[Annotator "ChessBase"]
[PlyCount "87"]
[EventDate "2019.08.10"]
[EventType "swiss"]
[EventCountry "ESP"]
[SourceTitle "playchess.com"]
[Source "ChessBase"]
[SourceQuality "1"]
[TimeControl "5400+30"]

1. Nf3 {[%emt 0:00:00]} Nf6 {[%emt 0:00:00]} 2. c4 {[%emt 0:00:00]} e6 {[%emt 0:00:18]} 3. g3 {[%emt 0:00:16]} d5 {[%emt 0:00:22]} 4. d4 {[%emt 0:00:06]} Be7 {[%emt 0:00:34]} 5. Bg2 {[%emt 0:00:05]} O-O {[%emt 0:00:09]} 6. O-O {[%emt 0:00:12]} c6 {[%emt 0:00:15]} 7. Qc2 {[%emt 0:00:25]} b6 {[%emt 0:00:17]} 8. Nbd2 {[%emt 0:01:24]} Bb7 {[%emt 0:00:14]} 9. e4 {[%emt 0:00:33]} Na6 {[%emt 0:00:11]} 10. a3 {[%emt 0:01:19]} c5 {[%emt 0:01:43]} 11. exd5 {[%emt 0:00:09]} exd5 {[%emt 0:00:13]} 12. dxc5 {[%emt 0:00:11]} Nxc5 {[%emt 0:00:13]} 13. b4 {[%emt 0:00:29]} Ne6 {[%emt 0:00:25]} 14. Bb2 {[%emt 0:06:50]} Rc8 {[%emt 0:02:13]} 15. Ne5 {[%emt 0:01:01]} Qc7 {[%emt 0:03:22]} 16. Rac1 {[%emt 0:02:06]} d4 {[%emt 0:22:22]} 17. Bxb7 {[%emt 0:09:29]} Qxb7 {[%emt 0:00:08]} 18. Qf5 {[%emt 0:03:39]} Nd7 {[%emt 0:07:39]} 19. Nef3 {[%emt 0:07:53]} a5 {[%emt 0:01:57]} 20. Nxd4 {[%emt 0:14:23]} Nxd4 {[%emt 0:01:19]} 21. Bxd4 {[%emt 0:00:02]} axb4 {[%emt 0:00:30]} 22. axb4 {[%emt 0:12:30]} Bxb4 {[%emt 0:01:27]} 23. Ne4 {[%emt 0:00:37]} Rc6 {[%emt 0:09:42]} 24. Rfd1 {[%emt 0:05:51]} Nc5 {[%emt 0:15:42]} 25. Ng5 {[%emt 0:08:54]} Rg6 {[%emt 0:05:53]} 26. Rb1 {[%emt 0:00:48]} Ba3 {[%emt 0:07:29]} 27. h4 {[%emt 0:09:18]} Ne6 {[%emt 0:12:27]} 28. Ne4 {[%emt 0:06:49]} Nxd4 {[%emt 0:04:02]} 29. Rxd4 {[%emt 0:00:01]} Qc6 {[%emt 0:00:32]} 30. Rbd1 {[%emt 0:02:06]} Re6 {[%emt 0:01:21]} 31. Ng5 {[%emt 0:00:48]} g6 {[%emt 0:00:37]} 32. Qd3 {[%emt 0:00:13]} Bc5 {[%emt 0:01:33]} 33. Nxe6 {[%emt 0:00:52]} Qxe6 {[%emt 0:00:42]} 34. Rf4 {[%emt 0:02:37]} Qh3 {[%emt 0:00:36]} 35. Qf3 {[%emt 0:00:24]} h5 {[%emt 0:00:26]} 36. Qg2 {[%emt 0:00:29]} Qe6 {[%emt 0:00:16]} 37. Kh2 {[%emt 0:00:35]} Qe2 {[%emt 0:00:15]} 38. Rd7 {[%emt 0:00:57]} Qe6 {[%emt 0:00:50]} 39. Qd5 {[%emt 0:00:25]} Qe8 {[%emt 0:00:27]} 40. Kg2 {[%emt 0:01:11]} Kg7 {[%emt 0:00:20]} 41. Re4 {[%emt 0:00:17]} Qc8 {[%emt 0:00:47]} 42. g4 {[%emt 0:00:16]} hxg4 {[%emt 0:00:37]} 43. Rxg4 {[%emt 0:00:06]} Qa8 {[%emt 0:00:33]} 44. Rxf7+ {[%emt 0:00:19]} 1-0

[Event "7th Iberoamerican-ch 2019"]
[Site "Linares"]
[Date "2019.08.10"]
[Round "1.16"]
[White "Rodriguez Perez, Angel Mariano"]
[Black "Sosa, Tomas"]
[Result "0-1"]
[WhiteElo "2223"]
[BlackElo "2516"]
[Annotator "ChessBase"]
[PlyCount "74"]
[EventDate "2019.08.10"]
[EventType "swiss"]
[EventCountry "ESP"]
[SourceTitle "playchess.com"]
[Source "ChessBase"]
[SourceQuality "1"]
[TimeControl "5400+30"]

1. e4 {[%emt 0:00:00]} c5 {[%emt 0:00:00]} 2. Nc3 {[%emt 0:00:00]} Nc6 {[%emt 0:00:00]} 3. Bb5 {[%emt 0:00:00]} Nd4 {[%emt 0:00:01]} 4. Bc4 {[%emt 0:00:00]} g6 {[%emt 0:00:35]} 5. f4 {[%emt 0:01:29]} Bg7 {[%emt 0:00:51]} 6. Nf3 {[%emt 0:00:33]} e6 {[%emt 0:05:55]} 7. O-O {[%emt 0:00:36]} Ne7 {[%emt 0:01:03]} 8. e5 {[%emt 0:05:50]} d5 {[%emt 0:06:14]} 9. Bb5+ {[%emt 0:00:59]} Nec6 {[%emt 0:05:00]} 10. Nxd4 {[%emt 0:07:12]} cxd4 {[%emt 0:00:24]} 11. Na4 {[%emt 0:02:23]} Qa5 {[%emt 0:15:39]} 12. Bxc6+ {[%emt 0:02:14]} bxc6 {[%emt 0:00:07]} 13. b3 {[%emt 0:00:27]} c5 {[%emt 0:00:20]} 14. d3 {[%emt 0:04:16]} Bd7 {[%emt 0:01:12]} 15. Qd2 {[%emt 0:02:50]} Qxd2 {[%emt 0:10:25]} 16. Bxd2 {[%emt 0:00:09]} Bf8 {[%emt 0:00:06]} 17. Nb2 {[%emt 0:14:34]} Bb5 {[%emt 0:00:22]} 18. Rf3 {[%emt 0:01:25]} Be7 {[%emt 0:00:49]} 19. Rh3 {[%emt 0:07:24]} f6 {[%emt 0:03:14]} 20. Rc1 {[%emt 0:07:42]} fxe5 {[%emt 0:02:11]} 21. fxe5 {[%emt 0:00:15]} O-O {[%emt 0:00:09]} 22. Rf1 {[%emt 0:01:21]} Rac8 {[%emt 0:01:01]} 23. Rxf8+ {[%emt 0:00:23]} Bxf8 {[%emt 0:00:14]} 24. c4 {[%emt 0:05:58]} dxc3 {[%emt 0:02:17]} 25. Bxc3 {[%emt 0:00:07]} Bg7 {[%emt 0:00:27]} 26. Rh4 {[%emt 0:02:47]} Rc6 {[%emt 0:05:24]} 27. g3 {[%emt 0:04:02]} d4 {[%emt 0:01:49]} 28. Bd2 {[%emt 0:00:10]} Bxe5 {[%emt 0:00:11]} 29. Re4 {[%emt 0:01:27]} Bc7 {[%emt 0:04:01]} 30. Re1 {[%emt 0:02:12]} e5 {[%emt 0:01:23]} 31. Rc1 {[%emt 0:00:11]} Ba6 {[%emt 0:05:08]} 32. b4 {[%emt 0:01:52]} e4 {[%emt 0:02:18]} 33. dxe4 {[%emt 0:06:08]} c4 {[%emt 0:00:41]} 34. Bf4 {[%emt 0:00:04]} c3 {[%emt 0:02:16]} 35. Na4 {[%emt 0:00:27]} Bxf4 {[%emt 0:01:15]} 36. gxf4 {[%emt 0:00:07]} Bb5 {[%emt 0:00:32]} 37. Nc5 {[%emt 0:00:33]} d3 {[%emt 0:01:04]} 0-1